Christmas things word scramble - Statistics

General Stats
  • This quiz has been taken 35 times
  • The average score is 11 of 20
Answer Stats
scrambled word Real word % Correct
eret Tree
100%
lfe Elf
89%
fitg Gift
89%
rreedeni Reindeer
89%
ysot Toys
89%
atasn Santa
81%
nwmosna Snowman
70%
dpuic Cupid
63%
kgocsnits Stockings
63%
igunpen Penguin
59%
hopldru Rudolph
56%
hicmyne Chimney
52%
gshile Sleigh
44%
lslswbano Snowballs
44%
eswafskonl Snowflakes
37%
bbeslalu Baubles
33%
pgairwpn Wrapping
26%
rdseah Dasher
11%
dnaapll Lapland
11%
pwhooskr Workshop
7%
No matching quizzes found
Score Distribution
Percent of People with Each Score
Percentile by Number Answered
Your Score History
You have not taken this quiz